US Cities with the Most Fortune 500 Companies - Statistics

General Stats
  • This quiz has been taken 630 times
  • The average score is 18 of 22
Answer Stats
# of Companies Answer % Correct
68 New York
100%
16 Los Angeles
99%
22 Dallas
97%
16 San Francisco
97%
31 Chicago
96%
17 Houston
96%
6 Miami
96%
10 Seattle
95%
10 Boston
94%
11 Philadelphia
90%
16 Atlanta
88%
10 Detroit
86%
18 Washington
84%
9 Denver
83%
17 Minneapolis
80%
16 San Jose
77%
9 St Louis
72%
6 Nashville
65%
8 Cincinnati
64%
7 Milwaukee
60%
6 Richmond
31%
13 Bridgeport
10%
No matching quizzes found
Score Distribution
Percent of People with Each Score
Percentile by Number Answered
Your Score History
You have not taken this quiz